000 00540cam a22002172a 4500
001 019271
003 AR-FADEU
008 311216n2006####xxu####################dd
020 _a83-7676-101-6
092 _aD340.112
_bD317
100 _aDe Giorgi, Raffaele
245 _aDireito, tempo e memória
260 _aSáo Pablo
260 _bQuartier Latín
260 _c2006
300 _a256 p
500 _aTraducción de Guilherme Leite Gonçalves
650 _aSOCIOLOGIA DEL DERECHO
546 _aPortugués
942 _cBDGR
999 _c25000
_d25000